书目信息 |
| 题名: |
房屋建筑学
|
|
| 作者: | 王崇杰 | |
| 分册: | ||
| 出版信息: | 北京 中国建筑工业出版社 2008 |
|
| 页数: | 374页 | |
| 开本: | 26cm | |
| 丛书名: | ||
| 单 册: | ||
| 中图分类: | TU22 | |
| 科图分类: | ||
| 主题词: | 建筑构造--结构设计 | |
| 电子资源: | ||
| ISBN: | 978-7-112-10343-0 | |
| 000 | 00603nam0 2200205 450 | |
| 001 | 891 | |
| 005 | 20160912094345.89 | |
| 010 | @a978-7-112-10343-0@b平装@dCNY38.00 | |
| 100 | @a20160724d2008 km y0chiy0120 ea | |
| 101 | 0 | @achi |
| 102 | @aCN@b110000 | |
| 200 | 1 | @a房屋建筑学@Afang wu jian zhu xue@f王崇杰@Fwang chong jie |
| 210 | @a北京@c中国建筑工业出版社@d2008 | |
| 215 | @a374页@d26cm | |
| 330 | @a房屋建筑学·高等学校·技术学校·教材' | |
| 606 | 0 | @a建筑构造@x结构设计 |
| 690 | @aTU22@v4 | |
| 701 | 0 | @a王崇杰@Awang chong jie |
| 801 | 0 | @aCN@b唐山师范学院图书馆@c20160724 |
| 905 | @aZUCC@dTU22@e791 | |
| 房屋建筑学/王崇杰.-北京:中国建筑工业出版社,2008 |
| 374页;26cm |
| ISBN 978-7-112-10343-0(平装):CNY38.00 |
| 房屋建筑学·高等学校·技术学校·教材' |
| ● |
| 相关链接 |
|
|
|
|
正题名:房屋建筑学
索取号:TU22/791
 
预约/预借
| 序号 | 登录号 | 条形码 | 馆藏地/架位号 | 状态 | 备注 |
| 1 | 903889 | 209038897 | 第二样本阅览室/ [索取号:TU22/791] | 在馆 | |
| 2 | 903890 | 209038904 | 第三借阅区/ [索取号:TU22/791] | 在馆 | |
| 3 | 903891 | 209038913 | 第三借阅区/ [索取号:TU22/791] | 在馆 |